|
|
|
|
| LEADER |
01320cam a2200385 a 4500 |
| 001 |
000044587 |
| 003 |
2989 |
| 005 |
20060427110110.0 |
| 008 |
010314b2004 vm 000 vie |
| 020 |
|
|
|c 135000
|
| 040 |
|
|
|a LRC
|c LRC
|d LRC
|
| 041 |
0 |
|
|a vie
|
| 082 |
1 |
4 |
|a 343.597034
|b Hê-T
|
| 245 |
0 |
0 |
|a Hệ thống các văn bản về tài chính - kế toán :
|b Áp dụng cho các đơn vị hành chính sự nghiệp có thu /
|c Bùi Văn Dương, Nguyễn Văn Hồng.
|
| 260 |
|
|
|a Hà Nội :
|b Thống kê,
|c 2004.
|
| 300 |
|
|
|a 617 tr. ;
|c 27 cm.
|
| 630 |
0 |
4 |
|a Tài chính.
|
| 630 |
0 |
4 |
|a Kế toán.
|
| 650 |
0 |
4 |
|a Văn bản
|x Tài chính.
|
| 650 |
0 |
4 |
|a Văn bản
|x Kế toán.
|
| 650 |
0 |
4 |
|a Hành chính
|x Cơ quan.
|
| 700 |
1 |
|
|a Bùi Văn Dương,
|c TS.
|
| 700 |
1 |
|
|a Nguyễn Văn Hồng.
|
| OWN |
|
|
|a DUT
|
| AVA |
|
|
|a UDN50
|b DUT
|c Book
|d 343.597034 Hê-T
|e available
|t Error 5001 Not defined in file expand_doc_bib_avail.
|f 3
|g 0
|h N
|i 0
|j SH
|k 1
|
| 999 |
|
|
|a From the UDN01
|
| AVA |
|
|
|a UDN50
|b DUT
|c Book
|d 343.597034 Hê-T
|e available
|t Error 5001 Not defined in file expand_doc_bib_avail.
|f 3
|g 0
|h N
|i 0
|j SH
|k 1
|
| TYP |
|
|
|a Monograph
|
| TYP |
|
|
|a Printed language
|
| 980 |
|
|
|a Mạng thư viện Đại học Đà Nẵng
|